Cuộc phiêu lưu của Pin-gơ-lơ; T1

Shranjeno v:
Bibliografske podrobnosti
Glavni avtor: X M Belaev
Format: Knjiga
Jezik:Undetermined
Izdano: Hà Nội Kim Đồng 1977
Teme:
Oznake: Označite
Brez oznak, prvi označite!
Thư viện lưu trữ: Trung tâm Học liệu Trường Đại học Cần Thơ
LEADER 00482nam a2200169Ia 4500
001 CTU_15859
008 210402s9999 xx 000 0 und d
082 |a 891.733 
082 |b B426 
100 |a X M Belaev 
245 0 |a Cuộc phiêu lưu của Pin-gơ-lơ; T1 
245 0 |c X M Belaev; Dịch giả: Tô Thi 
260 |a Hà Nội 
260 |b Kim Đồng 
260 |c 1977 
650 |a russian fiction 
980 |a Trung tâm Học liệu Trường Đại học Cần Thơ